Pirates of the Caribbean: Name to Name - Statistics

General Stats
  • This quiz has been taken 127 times
  • The average score is 13 of 22
Answer Stats
Hint Answer % Correct
The main character is Captain Jack Sparrow
100%
And his trusty first mate Joshamee Gibbs
84%
Who changed into a pirate after he set off to save Elizabeth Swann
78%
Who, unfortunately, was later killed by Bootstrap Bill Turner
77%
The father of Will Turner
77%
Who, even though he said he didn't, loved Calypso
74%
A man who tried to take over the sea by capturing and ordering around Davy Jones
72%
And his annoying pet Jack
66%
Much to the distress of her father Wetherby Swann
66%
Who was cruelly sent to his death by Cutler Beckett
64%
Even when they sailed under the command of Hector Barbossa
63%
Used to sail under the command of James Norrington
61%
Which has to speak for it's owner Mr Cotton
52%
A mysterious witch-like woman, who was freed by Ragetti
51%
Whose friend aboard the Black Pearl
48%
Enjoy slapping the main character Jack Sparrow
47%
Who always goes around with Pintel
47%
And the two of them were hired by #1 at Tortuga
47%
Who likes teasing Cotton's Parrot
45%
Is a small but fierce man called Marty
42%
Where lives a young woman called Scarlett
34%
Who, along with her sister Giselle
32%
No matching quizzes found
Score Distribution
Percent of People with Each Score
Percentile by Number Answered
Your Score History
You have not taken this quiz